<?xml version="1.0" encoding="UTF-8"?>
<record
    xmlns:xsi="http://www.w3.org/2001/XMLSchema-instance"
    xsi:schemaLocation="http://www.loc.gov/MARC21/slim http://www.loc.gov/standards/marcxml/schema/MARC21slim.xsd"
    xmlns="http://www.loc.gov/MARC21/slim">

  <leader>00962nam a2200241 a 4500</leader>
  <controlfield tag="001">BRCA_7109</controlfield>
  <controlfield tag="005">20190321142923.0</controlfield>
  <controlfield tag="008">281211s1900----gw-a######---#000-0#ger-#</controlfield>
  <datafield tag="041" ind1=" " ind2=" ">
    <subfield code="a">ger</subfield>
  </datafield>
  <datafield tag="044" ind1=" " ind2=" ">
    <subfield code="a">gw</subfield>
  </datafield>
  <datafield tag="050" ind1=" " ind2="4">
    <subfield code="b">.E75 1900</subfield>
  </datafield>
  <datafield tag="100" ind1="1" ind2=" ">
    <subfield code="a">Erler, Johannes</subfield>
    <subfield code="9">17674</subfield>
  </datafield>
  <datafield tag="245" ind1="1" ind2="0">
    <subfield code="a">In treue Fest!</subfield>
    <subfield code="b">gesammelte Briefe aus gro&#xDF;er ernster Zeit</subfield>
    <subfield code="c">von Johannes Erler und Meine Erlebnisse an der Westfront : wahrheitsgetreue Schilderungen aus den Schlachten, K&#xE4;mpfe an der Aisne, vom 22. Okt. 1914 bis 27. Dez. 1914 ... / von Eugen Pickartz.</subfield>
  </datafield>
  <datafield tag="260" ind1=" " ind2=" ">
    <subfield code="a">[S.l.</subfield>
    <subfield code="b">s.n.</subfield>
    <subfield code="c">19--]</subfield>
  </datafield>
  <datafield tag="300" ind1=" " ind2=" ">
    <subfield code="a">100 p.</subfield>
    <subfield code="b">il.</subfield>
    <subfield code="c">19 cm.</subfield>
  </datafield>
  <datafield tag="500" ind1=" " ind2=" ">
    <subfield code="a">O124</subfield>
  </datafield>
  <datafield tag="650" ind1="1" ind2="4">
    <subfield code="a">Primera Guerra Mundial</subfield>
    <subfield code="x">Relatos personales</subfield>
    <subfield code="y">1914-1918</subfield>
    <subfield code="z">Alemania</subfield>
    <subfield code="9">17675</subfield>
  </datafield>
  <datafield tag="650" ind1="1" ind2="4">
    <subfield code="a">Primera Guerra Mundial</subfield>
    <subfield code="x">Relatos personales</subfield>
    <subfield code="y">1914-1918</subfield>
    <subfield code="z">Estados Unidos</subfield>
    <subfield code="9">17676</subfield>
  </datafield>
  <datafield tag="650" ind1="1" ind2="4">
    <subfield code="a">Primera Guerra Mundial</subfield>
    <subfield code="x">Campa&#xF1;as</subfield>
    <subfield code="y">1914-1918</subfield>
    <subfield code="z">Francia</subfield>
    <subfield code="9">17677</subfield>
  </datafield>
  <datafield tag="700" ind1="1" ind2=" ">
    <subfield code="a">Pickartz, Eugen</subfield>
    <subfield code="9">17678</subfield>
  </datafield>
  <datafield tag="902" ind1=" " ind2=" ">
    <subfield code="a">GFM</subfield>
  </datafield>
  <datafield tag="942" ind1=" " ind2=" ">
    <subfield code="2">lcc</subfield>
    <subfield code="c">B</subfield>
  </datafield>
  <datafield tag="999" ind1=" " ind2=" ">
    <subfield code="c">6790</subfield>
    <subfield code="d">6790</subfield>
  </datafield>
  <datafield tag="952" ind1=" " ind2=" ">
    <subfield code="0">0</subfield>
    <subfield code="1">0</subfield>
    <subfield code="4">0</subfield>
    <subfield code="7">0</subfield>
    <subfield code="a">BRCA</subfield>
    <subfield code="b">BRCA</subfield>
    <subfield code="d">2011-12-28</subfield>
    <subfield code="i">O124</subfield>
    <subfield code="l">0</subfield>
    <subfield code="o">.E75 1900 (O124)</subfield>
    <subfield code="p">7556</subfield>
    <subfield code="r">2019-03-22 00:00:00</subfield>
    <subfield code="w">2019-03-22</subfield>
    <subfield code="y">B</subfield>
  </datafield>
</record>
